| 000 | 00586nam a22001817a 4500 | ||
|---|---|---|---|
| 003 | CEME | ||
| 005 | 20210628202048.0 | ||
| 008 | 210224b xxu||||| |||| 00| 0 eng d | ||
| 020 | _a0-471-38432-1 | ||
| 040 | _c. | ||
| 082 | _a621.38133 HAR | ||
| 100 |
_aKatilius, Ramunas Matulionis, Arvydas Hartnagel, Hans Ludwing _958114 |
||
| 245 | _aMicrowave noise in conductor devices | ||
| 260 |
_aNEW YORK _bJOHN WILEY _c2001 |
||
| 300 | _aXVIII,293P | ||
| 650 |
_aELECTRONIC CIRCUITS-NOISE SOLID STATE ELECTRONICS SEMICONDUCTORS HOT CARRIERS MICROWAVE CIRCUITS _958115 |
||
| 942 |
_cBK _2ddc |
||
| 999 |
_c568328 _d568328 |
||